Zkušenosti s ciclesonidem u 12 -18 letých pacientů s lehkou formou astma bronchiale

Podrobná bibliografia
Hlavní autori: Nečas, J. (Autor), Bartošíková, L. (Autor), Fráňa, L. (Autor), Fráňa, P. (Autor), Bartošík, T. (Autor)
Médium: Článok
Jazyk:čeština

MARC

LEADER 00000nab a2200000ua 4500
001 vtls010833579
003 SK-MaSNL
005 20260303111434.0
008 230121s2007 xo |||||||||||||||||cze|
035 |a (urnnbn)urn:nbn:sk:snk:ar-a06mjb 
035 |a urn:nbn:sk:snk-ab5xyy 
035 |a (uuid)e19cf50e-f5c1-442b-9fee-59f55a708176 
040 |a SNKBUCL  |b slo  |c SNKBUCL  |e AACR2 
041 0 |a cze 
044 |a xo  |c SK 
100 1 |a Nečas, J.  |4 aut  |9 614358 
245 1 0 |a Zkušenosti s ciclesonidem u 12 -18 letých pacientů s lehkou formou astma bronchiale  |c J. Nečas, L. Bartošíková, L. Fráňa, P. Fráňa, T. Bartošík 
700 1 |a Bartošíková, L.  |4 aut  |9 1124046 
700 1 |a Fráňa, L.  |4 aut  |9 1124047 
700 1 |a Fráňa, P.  |4 aut  |9 1124048 
700 1 |a Bartošík, T.  |4 aut  |9 1124049 
773 0 |t Klinická imunológia a alergológia  |g Roč. 17, č. 3 (2007), s. 15-19 
954 |a odborná, vedecká literatúra cudzojazyčná (svetová)  |2 lita 
958 |a OND 
958 |a EUIPO 
958 |a article5 
999 |c 1876921  |d 1878851